000 00567nam a2200241Ia 4500
005 20250425162750.0
008 250425s9999 xx 000 0 und d
020 _a3540422226
041 _aeng
082 _a530.4
100 _aHAUG, ROLF
245 0 _aINTERACTING ELECTRONS IN NANOSTRUCTURES
250 _a1 ED
260 _aEstados Unidos
_bSPRINGER - VERLAG
_c2001
260 _aNEW YORK
300 _a227
650 _aFISICA
650 _aMECANICA CUANTICA
650 _aMETALES
650 _aNANOESTRUCTURA
942 _c01
010 _a106857
999 _c235993
_d235993